| 000 | 00435cam a2200145 4500 | ||
|---|---|---|---|
| 008 | 100224n 000 0 eng u | ||
| 035 | _a(Sirsi) a168490 | ||
| 050 | _aBF 431 HER 1973 | ||
| 100 | _aHerrnstein, R.J. | ||
| 245 |
_aI.Q. in the meritocracy/ _cby R.J. Herrnstein |
||
| 260 |
_aToronto: _bAn Atlantic Monthly press book, _c1971 |
||
| 300 | _a235p. | ||
| 504 | _aIncludes bibliographical references | ||
| 650 | _aMeritocracy | ||
| 999 |
_c113955 _d113955 |
||